00648nam a22001817a 4500003000900000008004100009040007100050082001800121100002100139245005200160260002600212300002900238505012100267650002900388650001800417650001500435700001600450AR-CdUCM190530b ||||| |||| 00| 0 spa d aMUNICIPALIDAD PROVINCIAL DEL CUSCOcBIBLIOTECA MUNICIPAL DEL CUSCO a517.38 /bH37 aHelfgott, Michel aIntroducción a las ecuaciones diferenciales / aLima :bAmaru,c1982. a4447 páginas ;c25 cm. aContenido : Ecuaciones diferenciales lineales de primer orden -- Ecuaciones diferenciales en variables separables... aEcuaciones diferenciales aLey de newton aCinética aVera, Edgar